000 00396nam a22001337a 4500
020 _a9780324670790
050 _aKF 1600
_b.M4
100 _a Meiners, Roger E.; Ringleb, Al H.; Edwards, Frances L.
245 _a The legal environment of business
_bCustomized for NIU
260 _aUS:
_bCentage Learning,
300 _a5989.
650 _venvironment law
_xAI.H .Ringleb
942 _2lcc
_cGEN
999 _c7057
_d7057